Normal view MARC view
  • Ramírez Leyva, Elsa M.

Entry Nombre Personal

Number of records used in: 9

001 - NUMERO DE CONTROL

  • campo de control: 44084

003 - IDENTIFICADOR DE NUMERO DE CONTROL

  • campo de control: UPN

005 - FECHA Y HORA DE LA ÜLTIMA TRANSACCIÓN

  • campo de control: 20220325112803.0

008 - DATOS DE LONGITUD FIJA

  • campo de control de longitud fija: 220325|| acn||aabn | a|a d

040 ## - FUENTE DE CATALOGACIÓN

  • Agencia original de catalogación: MX-MxUPN

100 1# - ENCABEZAMIENTO - NOMBRE PERSONAL

  • Nombre personal: Ramírez Leyva, Elsa M.

400 1# - VEÁSE - NOMBRE DE PERSONA

  • Personal name: Leyva, Elsa M. Ramírez

400 1# - VEÁSE - NOMBRE DE PERSONA

  • Personal name: Ramírez Leyva, Elsa Margarita

400 1# - VEÁSE - NOMBRE DE PERSONA

  • Personal name: Leyva, Elsa Margarita Ramírez

670 ## - FUENTE EN LA QUE SE LOCALIZARON DATOS

  • Cita de la fuente: La biblioteca pública y la formación de lectores en la sociedad de la información
  • Información localizada: port. (Elsa Margarita Ramírez Leyva)

670 ## - FUENTE EN LA QUE SE LOCALIZARON DATOS

  • Cita de la fuente: LC Authorities, 23/03/2022 :
  • Información localizada: (Encabezamiento: Ramírez Leyva, Elsa M.)
  • Uniform Resource Identifier: https://lccn.loc.gov/nr96005094